000 00683nam a2200181 a 4500
008 110504s2003 ||||||||||||||||| || u
020 _a0873352211
050 _aTN 165 Bis
100 _aBise, Christopher J
245 1 0 _aMining engineering analysis. -- 2nd ed.
_cChristopher J. Bise
250 _a2nd ed.
260 _aColorado, USA:
_bSociety for Mining, Metallurgy, and Exploration, Inc. (SME)
_c2003
300 _axiv, 313p.: ill.
350 _a0.00
650 _aMINING ENGINEERING
650 _aMINING
995 _D0.00
_FCBU-MAIN LIBRARY (Kitwe)
_H1
_I0.00
_M1
_UAVAILABLE
_WMay 6, 2011
_ZMain Library Open Access Collection
999 _c51291
_d51291